000 00949nam a2200253Ia 4500
003 GCL
005 20240530102948.0
008 140319s9999 xx 000 0 ara d
040 _aGCL /
_cGCL
082 0 4 _a346.0482
_bم و
100 1 _aمعوض عبدالتواب
245 1 0 _aالوسيط فى شرح جرائم الغش والتدليس وتقليد العلامات التجارية من الناحيتين الجنائية والمدنية /
_cمعوض عبدالتواب
260 _aالقاهرة :
_bدار المطبوعات الجامعية ،
_c1985
300 _a293 ص
650 0 4 _aالقانون الجنائى
650 0 4 _aالقانون
650 0 4 _aالجرائم التجارية
650 0 4 _aالقانون الخاص
650 0 4 _aبراءات الاختراع
650 0 4 _aالعلامات التجارية
650 0 4 _aالملكية الصناعية
650 0 4 _aالترخيص
942 _2ddc
_cBK
999 _c35708
_d35708